[Event "Titled Tuesday intern op 21st April"]
[Site "Chess.com INT"]
[Date "2020.04.21"]
[Round "2"]
[White "Zapata, Alexander"]
[Black "Chyzy, Jakub"]
[Result "1-0"]
[WhiteElo "2007"]
[BlackElo "2276"]
[PlyCount "75"]
[EventDate "2020.04.21"]
[EventType "swiss (blitz)"]
[EventRounds "10"]
[EventCountry "USA"]
[SourceTitle "EXT 2021"]
[Source "ChessBase"]
[SourceDate "2020.10.23"]
[SourceVersion "1"]
[SourceVersionDate "2020.10.23"]
[SourceQuality "1"]

1. e4 Nf6 2. e5 Nd5 3. d4 d6 4. f4 Nc6 5. c4 Nb6 6. d5 Nb8 7. Nf3 e6 8. Nc3 Be7 9. Be3 Na6 10. Be2 0-0 11. 0-0 dxe5 12. fxe5 exd5 13. Nxd5 Bc5 14. Bxc5 Nxc5 15. Qc2 Nxd5 16. cxd5 Qxd5 17. Rfd1 Qe4 18. Qxc5 Qxe2 19. Rd2 Qe4 20. Qxc7 Bg4 21. Re1 Qb4 22. Rd4 Qxb2 23. Rxg4 Rac8 24. Qe7 Rc2 25. Qf6 g6 26. Qh4 Qb6+ 27. Kh1 Kh8 28. Qh6 Rg8 29. Rh4 Rg7 30. Ng5 Qf2 31. Rg1 Re2 32. Nxh7 Qxh4 33. Qxh4 Rxh7 34. Qd8+ Kg7 35. Qf6+ Kg8 36. Rd1 Rg7 37. Rd8+ Kh7 38. Qh4# 1-0

[Event "Titled Tuesday intern op1 1st Jan"]
[Site "Chess.com INT"]
[Date "2016.01.05"]
[Round "3"]
[White "Zapata, Alexander"]
[Black "Arnold, Ken"]
[Result "1/2-1/2"]
[WhiteElo "2007"]
[BlackElo "2097"]
[PlyCount "102"]
[EventDate "2016.01.05"]
[EventType "swiss (blitz)"]
[EventRounds "9"]
[EventCountry "USA"]
[SourceTitle "EXT 2021"]
[Source "ChessBase"]
[SourceDate "2020.10.23"]
[SourceVersion "1"]
[SourceVersionDate "2020.10.23"]
[SourceQuality "1"]

1. e4 c5 2. Nf3 d6 3. d4 cxd4 4. Nxd4 Nf6 5. Nc3 a6 6. Bg5 e6 7. f4 Nbd7 8. Qf3 Qc7 9. 0-0-0 Be7 10. Bd3 b5 11. Rhe1 Bb7 12. Qg3 Nc5 13. e5 Nxd3+ 14. Rxd3 dxe5 15. fxe5 Nh5 16. Qh4 Bxg5+ 17. Qxg5 g6 18. Ndxb5 axb5 19. g4 Qe7 20. Qxe7+ Kxe7 21. gxh5 b4 22. Nb5 Rxa2 23. Rb3 Rd8 24. Nd6 Ra1+ 25. Kd2 Ra4 26. Rd3 Ba6 27. Rd4 Ra2 28. hxg6 hxg6 29. Rxb4 f6 30. Kc3 fxe5 31. Ne4 Ra5 32. Rb6 Rc8+ 33. Kb4 Ra2 34. b3 Rcxc2 35. Nc5 Bc8 36. Rxe5 Re2 37. Rxe2 Rxe2 38. Rc6 Kd8 39. Kc3 Rxh2 40. Nxe6+ Bxe6 41. Rxe6 Rg2 42. b4 Kc7 43. b5 Rg4 44. Rf6 Kb7 45. Kb3 Kc7 46. Kc3 Kb7 47. Rc6 g5 48. Rg6 Kc7 49. Kd3 Kb7 50. Ke3 Rb4 51. Rxg5 Kb6 1/2-1/2

[Event "Titled Tuesday intern op1 1st Jan"]
[Site "Chess.com INT"]
[Date "2016.01.05"]
[Round "1"]
[White "Zapata, Alexander"]
[Black "Naroditsky, Daniel"]
[Result "1/2-1/2"]
[WhiteElo "2007"]
[BlackElo "2634"]
[PlyCount "119"]
[EventDate "2016.01.05"]
[EventType "swiss (blitz)"]
[EventRounds "9"]
[EventCountry "USA"]
[SourceTitle "EXT 2021"]
[Source "ChessBase"]
[SourceDate "2020.10.23"]
[SourceVersion "1"]
[SourceVersionDate "2020.10.23"]
[SourceQuality "1"]

1. e4 e5 2. Nf3 Nc6 3. Bb5 a6 4. Ba4 Nf6 5. 0-0 Be7 6. Re1 b5 7. Bb3 d6 8. c3 0-0 9. h3 Na5 10. Bc2 c5 11. d4 Nd7 12. Nbd2 exd4 13. cxd4 Nc6 14. Nf1 cxd4 15. Nxd4 Nxd4 16. Qxd4 Ne5 17. Ne3 Bxh3 18. f4 Nc6 19. Qc3 Bd7 20. Nd5 Rc8 21. b3 Be6 22. Bb2 f6 23. Qd3 g6 24. Rad1 Bxd5 25. Qxd5+ Rf7 26. Bb1 Qb6+ 27. Kh2 Qf2 28. Rc1 Qxb2 29. Rxc6 Rxc6 30. Qxc6 Qf2 31. Qc1 d5 32. Rf1 Qh4+ 33. Kg1 dxe4 34. Bxe4 Bd8 35. Qc8 Rf8 36. Bd5+ Kh8 37. Qxa6 Qg3 38. Qxb5 Qe3+ 39. Kh2 Bc7 40. Qc4 Bd6 41. Rf3 Qd2 42. a4 g5 43. Qe4 Bxf4+ 44. Rxf4 Qxf4+ 45. Qxf4 gxf4 46. a5 Rd8 47. Bf3 Rb8 48. a6 Rxb3 49. a7 Ra3 50. a8Q+ Rxa8 51. Bxa8 Kg7 52. Kh3 f5 53. Kh2 Kg6 54. Kg1 Kg5 55. Kf2 h5 56. Kf3 h4 57. Bc6 h3 58. gxh3 Kh4 59. Kxf4 Kxh3 60. Kxf5 1/2-1/2

[Event "Titled Tuesday intern op 5th Jan"]
[Site "Chess.com INT"]
[Date "2016.01.05"]
[Round "5"]
[White "Zapata, Alexander"]
[Black "Terletsky, Oleg"]
[Result "0-1"]
[WhiteElo "2007"]
[BlackElo "2183"]
[PlyCount "86"]
[EventDate "2016.01.05"]
[EventType "swiss (blitz)"]
[EventRounds "9"]
[EventCountry "USA"]
[SourceTitle "EXT 2021"]
[Source "ChessBase"]
[SourceDate "2020.10.23"]
[SourceVersion "1"]
[SourceVersionDate "2020.10.23"]
[SourceQuality "1"]

1. e4 e5 2. Nf3 Nc6 3. Bb5 a6 4. Ba4 Nf6 5. 0-0 Be7 6. Re1 b5 7. Bb3 d6 8. c3 Bb7 9. d4 0-0 10. Nbd2 Re8 11. Nf1 Bf8 12. Ng3 h6 13. d5 Nb8 14. Nf5 Nbd7 15. Bc2 Kh7 16. h4 g6 17. Ng3 c6 18. dxc6 Bxc6 19. h5 Nc5 20. hxg6+ fxg6 21. b4 Ne6 22. a4 Nf4 23. axb5 axb5 24. Rxa8 Qxa8 25. Bxf4 exf4 26. Ne2 Bxe4 27. Nxf4 Bxc2 28. Qxc2 Rxe1+ 29. Nxe1 Qe4 30. Qd2 g5 31. Nfd3 Bg7 32. Nc2 Nd5 33. Nd4 Bxd4 34. cxd4 Qxd4 35. Qc2 Kg7 36. Qb3 Qc4 37. Qa3 Qd4 38. g3 h5 39. Kg2 h4 40. Kf1 h3 41. Kg1 Qe4 42. Kf1 h2 43. Qa7+ Kg6 0-1

[Event "Medellin Semana Santa op"]
[Site "Medellin"]
[Date "2013.03.31"]
[Round "7"]
[White "Zapata Arbelaes, Estiven"]
[Black "Zapata, Alexander"]
[Result "1/2-1/2"]
[WhiteElo "1978"]
[BlackElo "2007"]
[PlyCount "33"]
[EventDate "2013.03.27"]
[EventType "swiss"]
[EventRounds "7"]
[EventCountry "COL"]
[SourceTitle "CBM 153 Extra"]
[Source "ChessBase"]
[SourceDate "2013.04.22"]
[SourceVersion "1"]
[SourceVersionDate "2013.04.22"]
[SourceQuality "1"]

1. d4 d5 2. c4 c6 3. Nc3 Nf6 4. Bg5 e6 5. e3 Nbd7 6. Nf3 a6 7. cxd5 exd5 8. Bd3 Bd6 9. Qc2 Qc7 10. 0-0-0 c5 11. dxc5 Qxc5 12. Bf5 Nb6 13. Bxf6 gxf6 14. Kb1 Be5 15. Nxd5 Qxc2+ 16. Bxc2 Nxd5 17. Rxd5 1/2-1/2

[Event "Pan American-ch U20"]
[Site "Cali"]
[Date "2005.10.19"]
[Round "7"]
[White "Zapata, Alexander"]
[Black "Panesso Rivera, Henry"]
[Result "0-1"]
[WhiteElo "1800"]
[BlackElo "2088"]
[PlyCount "55"]
[EventDate "2005.10.16"]
[EventType "swiss"]
[EventRounds "9"]
[EventCountry "COL"]
[SourceTitle "EXT 2007"]
[Source "ChessBase"]
[SourceDate "2006.11.23"]
[SourceVersion "1"]
[SourceVersionDate "2006.11.23"]
[SourceQuality "1"]

1. e4 c5 2. Nf3 d6 3. d4 cxd4 4. Nxd4 Nf6 5. Nc3 e5 6. Nb3 Be6 7. Be2 Be7 8. 0-0 Nc6 9. f4 exf4 10. Bxf4 0-0 11. Qe1 a5 12. Rd1 a4 13. Nc1 Qb6+ 14. Kh1 Qxb2 15. Bb5 Nxe4 16. Nxe4 Qxb5 17. Bxd6 Bxd6 18. Nxd6 Qb2 19. c4 Ra5 20. Nd3 Qb6 21. c5 Qc7 22. Rd2 Nd8 23. Rc2 b6 24. Qb4 bxc5 25. Rxc5 Qxd6 26. Qxa5 Qxd3 27. Rfc1 Nb7 28. Qc3 0-1